banner-ar

القرص المبرمج فى المكتبات: قضايا ادارية / (Record no. 41373)

MARC details
000 -الفاتح
حقل البيانات ثابتة الطول 00685nam a2200205Ia 4500
008 - عناصر البيانات ثابتة الطول - معلومات عامة
حقل البيانات ثابتة الطول 140319s9999 xx 000 0 ara d
040 ## - مصدر الفهرسة
وكالة الفهرسة الأصلية GCL /
وكالة النسخ GCL
082 04 - رقم تصنيف ديوى العشرى
رقم التصنيف 020.285
رقم المادة هـ ق
100 1# - المدخل الرئيسى - إسم شخصى
الإسم الشخصى هانسون, تيرى
245 10 - بيان العنوان
العنوان القرص المبرمج فى المكتبات: قضايا ادارية /
بيان المسئوليه,etc هانسون, تيرى
700 1# - المدخل الاضافى - اسم شخصى
الإسم الشخصى داى، جان
700 1# - المدخل الاضافى - اسم شخصى
الإسم الشخصى على السليمان الصونيع
300 ## - الوصف المادى
التعداد 408 ص
490 ## - بيان السلسلة
عنوان السلسلة مطبوعات مكتبة الملك عبدالعزيز العامة
رقم المجلد/ التعيين التسلسلي 0
650 04 - المدخل الاضافى بالموضوع-مصطلح موضوعى
مصطلح موضوعي نظم المعلومات
650 04 - المدخل الاضافى بالموضوع-مصطلح موضوعى
مصطلح موضوعي المكتبات
650 04 - المدخل الاضافى بالموضوع-مصطلح موضوعى
مصطلح موضوعي الاقراص المليزرة
942 ## - عناصر المدخل الإضافي( كوها)
مصدر التصنيف او مخطط الترفيف Dewey Decimal Classification
Koha [default] item type كتاب
Holdings
حالة التراجع حالة الفقد حالة تلف ليس للاعارة المكان المؤقت الموقع الحالى تاريخ الاكتساب اجمالي اﻻعارات رقم الطلب الباركود تاريخ اخر مشاهدة تاريخ تفعيل السعر نوع وعاء كوها
        مكتبة القاهرة الكبرى مكتبة القاهرة الكبرى 03/26/2014   020.285\هـ ق 99831 03/26/2014 03/26/2014 كتاب
        مكتبة القاهرة الكبرى مكتبة القاهرة الكبرى 03/26/2014   020.285\هـ ق 99832 03/26/2014 03/26/2014 كتاب
        مكتبة القاهرة الكبرى مكتبة القاهرة الكبرى 03/26/2014   020.285\هـ ق 99833 03/26/2014 03/26/2014 كتاب

Powered By

EGPV